[Event "Memorial Jorge Szmetan 2017"]
[Site "Buenos Aires"]
[Date "2017.04.19"]
[Round "3"]
[White "Hoffman, Alejandro"]
[Black "Mareco, Sandro"]
[Result "1-0"]
[WhiteElo "2488"]
[BlackElo "2655"]
[Annotator "TA"]
[PlyCount "155"]
[EventDate "2017.04.17"]
[EventType "tourn"]
[EventCountry "ARG"]
[SourceTitle "playchess.com"]
[Source "ChessBase"]
[SourceQuality "1"]

{[%evp 13,155,-17,22,-16,-4,-4,0,-10,0,0,0,8,8,6,3,-8,0,0,1,8,9,11,14,0,39,28,44,38,46,18,41,19,97,111,163,154,218,156,154,152,155,159,166,138,167,142,207,212,224,194,327,319,235,197,220,228,229,159,170,147,137,-81,160,-66,222,210,216,137,162,168,241,189,196,154,252,245,364,270,360,222,217,265,240,258,371,341,300,301,494,485,490,451,498,495,649,314,312,294,318,279,306,180,361,332,408,427,426,413,786,784,742,678,1319,1035,1934,503,811,205,329,137,320,137,137,137,137,137,137,137,137,137,137,137,137,137,137,137,569,472,579,579,1414,1364,1179,1064]} 1. d4 Nf6 2. c4 e6 3. Nc3 Bb4 4. Nf3 b6 5. Qc2 Bb7 6. a3 Bxc3+ 7. Qxc3 d6 8. Bg5 {E21: Nimzo-Indian: 4 Nf3} Nbd7 9. Nd2 (9. e3 O-O 10. Nd2 c5 11. dxc5 bxc5 12. Bd3 h6 13. Bh4 a5 14. O-O Qb6 15. e4 d5 16. cxd5 exd5 17. Rfe1 dxe4 18. Nxe4 Nxe4 19. Bxe4 Bxe4 20. Rxe4 {½-½ (51) Mamedyarov,S (2736)-Korobov,A (2700) Skopje 2015}) 9... h6 10. Bh4 {The position is equal.} c5 11. dxc5 bxc5 12. e3 $146 (12. Qc2 Qc7 13. e3 Qc6 14. Bg3 O-O 15. Nf3 Ne4 16. Bd3 Nxg3 17. hxg3 {1-0 (31) Zelba,M-Opaska,I Ueberlingen 2000}) 12... O-O 13. f3 a5 14. b3 Qb6 15. Be2 d5 16. Bf2 Ba6 17. O-O Rfc8 18. Rab1 Qd8 19. Rfd1 Qe8 20. Bf1 Rc6 21. h3 Qc8 22. a4 {[%cal Ba3a4,Ba4a5][%mdl 32]} Qb7 (22... Qb8 $11) 23. Qxa5 $16 dxc4 (23... Qb8 $16 {is a better defense.}) 24. bxc4 $18 (24. Nxc4 $6 Bxc4 25. bxc4 Qc8 $14) 24... Nb6 (24... Qa7 $16 25. Bd3 Rcc8) 25. Ra1 Qc7 26. Qc3 Bb7 27. a5 Nbd7 28. e4 Nh5 29. Nb3 Ne5 (29... Bc8 $16 {was called for.} 30. Rd2 Rb8) 30. Qe3 Ba6 31. Rac1 Rc8 (31... Nd7 $142 32. f4 e5) 32. f4 {[%cal Bf3f4,Bf4f5][%mdl 32]} Ng6 33. g3 {[%cal Bg2g3,Bg3g4][%mdl 32] And now e5 would win.} e5 {[%cal Re5f4]} 34. f5 Nf8 35. Bg2 Nf6 36. g4 N8d7 37. h4 $2 (37. Bf3 $16 {stays on course.}) 37... Rb8 $2 (37... Nxg4 $17 38. Qg3 Nxf2 39. Kxf2 (39. Qxf2 Rb8 40. Qe3 Nf6 $17) 39... Rb8) 38. Rc3 $2 (38. Bf3 $16) 38... Rd6 $2 {[%mdl 8192]} (38... Nxg4 $15 {stays ahead.} 39. Qd3 Nxf2 40. Kxf2 Nf6) 39. Rxd6 Qxd6 40. g5 hxg5 41. hxg5 (41. Rd3 $6 Qc6 $16) 41... Nh7 (41... Nh5 $142) 42. Bf3 ({Don't take} 42. Nxc5 $6 Nxc5 43. Qxc5 Qd1+ 44. Kh2 Nxg5 $16) 42... Qc6 43. Kg2 Rc8 (43... Rb4 $16 {was worth a try.} 44. g6 (44. Nxc5 Nxc5 45. Qxc5 Qxc5 46. Bxc5 Rb2+ 47. Kg3 Nxg5 $16) 44... fxg6 45. Nxc5 Nxc5) 44. Qd2 Qa4 (44... Qc7 $142 45. Kh2 Rd8) 45. Be3 Rb8 46. Nxc5 Nxc5 47. Bxc5 Qxa5 48. Be3 Qa1 (48... Rc8 {might work better.} 49. c5 Bb7) 49. Rc2 ({But not} 49. Rc1 Qb2 $18) 49... Qa4 50. c5 Bc4 $2 (50... Rc8 51. Rb2 Qa3) 51. Qc3 Ba6 {Black wants to play ...Rb3.} 52. Rb2 Rxb2+ 53. Qxb2 Qe8 {[#]} 54. Qb6 (54. g6 $142 $1 {[%mdl 512]}) 54... Bb5 55. Qd6 Bc6 56. Kg3 Nf8 57. Bd2 (57. Bc1 $142) 57... Nh7 $2 (57... Qd7 58. Kf2 Qxd6 59. cxd6 Nd7) 58. Kh4 f6 59. g6 Nf8 60. Qd3 Qa8 (60... Kh8 $142 61. Be3 Qd7) 61. Qc4+ Kh8 62. Kg3 Nd7 63. Be3 Qg8 64. Qc1 (64. Qc2 $142 {Threatening mate with Qh2+.} Qe8 65. Qh2+ Kg8 66. Qh7+ Kf8 67. Qh8+ Ke7 68. Qxg7+ Kd8 69. Qh7) 64... Qb3 (64... Qa2 $142 65. Qd1 Nf8) 65. Qh1+ (65. Be2 $142 {Intending Bc4 and mate.} Bxe4 66. c6 Bxc6 67. Bc4) 65... Kg8 66. Qh7+ Kf8 {[#]} 67. Qh8+ (67. Bh6 $1 $18 {[%cal Rh6g7] and the rest is easy.} Ke8 68. Qxg7) 67... Qg8 $16 68. Qxg8+ Kxg8 {[%mdl 4096] Endgame KBB-KBN} 69. Kf2 Kf8 70. Ke2 Ke7 71. Kd3 Bb5+ 72. Kc3 Bc6 73. Kc4 Ke8 74. Bd2 {Ba5 is the strong threat.} Kf8 $2 {[%mdl 8192] [#]} (74... Nb8 $16 {is a better chance.} 75. Bc1 Na6) 75. Ba5 $1 $18 {White is clearly winning.} Ke8 76. Bc7 Ke7 77. Bd6+ Kd8 78. Kd3 1-0

[Event "Memorial Jorge Szmetan 2017"]
[Site "Buenos Aires"]
[Date "2017.04.19"]
[Round "3"]
[White "Sosa, Tomas"]
[Black "Garcia Palermo, Carlos"]
[Result "0-1"]
[WhiteElo "2459"]
[BlackElo "2450"]
[Annotator "TA"]
[PlyCount "62"]
[EventDate "2017.04.17"]
[EventType "tourn"]
[EventCountry "ARG"]
[SourceTitle "playchess.com"]
[Source "ChessBase"]
[SourceQuality "1"]

{[%evp 18,62,-6,-85,-78,-127,-145,-149,-155,-179,-183,-258,-264,-240,-258,-422,-418,-417,-419,-392,-345,-312,-280,-527,-488,-474,-487,-458,-470,-539,-524,-526,-512,-833,-644,-697,-704,-848,-851,-835,-703,-899,-920,-978,-978,-1052,-1052]} 1. e4 c6 2. d4 d5 3. Nd2 dxe4 4. Nxe4 Bf5 5. Ng3 Bg6 6. h4 h6 7. Nh3 Nf6 8. Nf4 Bh7 9. Bc4 e6 10. Qe2 (10. Nfh5 $11 {keeps the balance.}) 10... Qxd4 $17 {B18: Classical Caro-Kann: 4...Bf5 sidelines} (10... b5 $6 11. Bxe6 (11. Nxe6 fxe6 12. Bxe6 Qe7 $15) 11... fxe6 12. Nxe6 $11) (10... Na6 11. O-O Nc7 12. c3 Bd6 13. Nfh5 Nxh5 14. Nxh5 g6 15. Nf4 Qxh4 16. g3 Qe7 17. b4 Nd5 18. Qf3 {1-0 (63) Cruz,J (2438)-Magem Badals,J (2552) Barcelona 2015}) 11. Be3 $146 (11. Bxe6 fxe6 12. Nxe6 Qg4 13. Nc7+ Kd7 14. Nxa8 Qxe2+ 15. Kxe2 Bxc2 16. Be3 b6 17. a4 Bb4 18. a5 {1-0 (37) Niemann,H (2097)-Askin,M (1898) San Francisco 2014}) 11... Qxb2 12. O-O Qxc2 {Black is clearly better.} 13. Bd2 {[#]} Nbd7 $1 14. Nxe6 (14. Rac1 $142 Qa4 15. Bxe6 fxe6 16. Nxe6) 14... fxe6 $19 15. Qxe6+ Kd8 {[%cal Be8d8,Bd8c7,Bc7c8][%mdl 32]} 16. Rfd1 $2 (16. Ba5+ {was worth a try.} Kc8 17. Rac1) 16... Bc5 17. Rac1 Re8 18. Qh3 Qg6 {And now ...Qg4 would win.} 19. Bc3 {Bxf6+ is the strong threat.} Kc7 ({Resist} 19... Ng4 20. Bd4 Bxd4 21. Rxd4) 20. Ne2 $2 (20. Bxf6 Nxf6 21. Bd3) 20... Qg4 {Black is clearly winning.} 21. Qh2+ Kc8 ({Weaker is} 21... Kd8 22. Bd4 Kc8 23. Bxc5 Nxc5 24. Nd4 $19) 22. Nd4 Be4 ({But not} 22... Ne5 {[#]} 23. Be6+ $1 {[%mdl 512]} Rxe6 24. Nxe6 Qxe6 25. Bxe5 Bxf2+ 26. Kh1 $19) 23. Ba5 {[%csl Ga5][%cal Rh2c7] [#]} Bd6 $1 24. Qh1 (24. Qxd6 Qxg2#) 24... Bf4 25. Nb5 (25. Be2 $142 Qg6 26. Bd2) 25... Nb6 26. Bf1 Nbd5 27. Nd4 Bxc1 28. Rxc1 Kd7 29. f3 Bxf3 30. Nxf3 Re3 31. Rc4 Qg3 0-1

[Event "Memorial Jorge Szmetan 2017"]
[Site "Buenos Aires"]
[Date "2017.04.20"]
[Round "4"]
[White "Granda Zuniga, Julio E"]
[Black "Mareco, Sandro"]
[Result "0-1"]
[WhiteElo "2658"]
[BlackElo "2655"]
[Annotator "TA"]
[PlyCount "80"]
[EventDate "2017.04.17"]
[EventType "tourn"]
[EventCountry "ARG"]
[SourceTitle "playchess.com"]
[Source "ChessBase"]
[SourceQuality "1"]

{[%evp 13,80,0,15,5,25,22,25,26,27,25,26,23,17,17,31,8,16,0,31,-22,0,-16,0,-7,-26,-15,22,-14,0,-37,0,-132,-129,-130,-136,-471,-436,-653,-647,-650,-625,-644,-391,-377,-393,-388,-380,-633,-646,-637,-635,-690,-381,-592,-563,-805,-565,-645,-643,-568,-616,-630,-522,-616,-614,-622,-624,-609,-610]} 1. c4 e5 2. Nc3 Nf6 3. Nf3 Nc6 4. e3 Bb4 5. Qc2 d6 6. Be2 {A28: English Opening: Four Knights Variation} (6. a3 Bxc3 7. Qxc3 e4 8. Nd4 Ne5 9. b4 O-O 10. Bb2 Re8 11. h3 c5 12. Nc2 b6 13. Be2 Ba6 {1-0 (83) Kovalenko,I (2684)-Hammer,J (2628) chess.com INT 2017}) 6... O-O 7. O-O Re8 {LiveBook: 3 Games} 8. d3 {The position is equal.} a5 9. b3 $146 (9. a3 Bc5 10. Rd1 Bf5 11. Ne4 Bxe4 12. dxe4 {½-½ (52) Beck,H (2285)-Slobodjan,R (2490) Budapest 1994}) 9... Bf5 10. Bb2 Ne7 11. Na4 {With the idea a3.} Ng6 12. Rfd1 Bc5 13. Nxc5 dxc5 14. Ne1 Qe7 15. Bf1 h5 {[%cal Bh7h5,Bh5h4][%mdl 32]} 16. f3 (16. Be2 $14) 16... Rad8 17. Qf2 b6 18. Nc2 h4 19. a3 Rd7 20. Rd2 Nh5 21. Re1 Qd8 22. g4 (22. b4 $11 {keeps the balance.}) 22... hxg3 $1 $17 23. hxg3 e4 (23... Bxd3 24. Red1 Bxc2 25. Rxd7 Bxd1 26. Rxd8 Rxd8 27. f4 $14 (27. g4 Nf6 $14)) 24. g4 $2 {[%mdl 8192]} (24. fxe4 Bxe4 25. Be2 Nf6 $11) (24. Qh2 $17 Nf6 25. Bxf6 (25. fxe4 $2 Nxe4 26. Rdd1 Bg4 $19) 25... gxf6 26. fxe4) 24... Nh4 $19 25. fxe4 (25. Bg2 $142 exf3 26. Bxf3) 25... Bxg4 26. Bg2 Nxg2 27. Qxg2 Qh4 28. Qh2 Qg5 29. Rg2 Rxd3 30. Rf1 $2 (30. e5) 30... Rxe4 31. Qxc7 Qg6 32. Ne1 Rxb3 33. Qd8+ (33. Nf3 $142 f6 34. Bc1) 33... Kh7 {Black is clearly winning.} 34. Nd3 {Now Ne5 and White clings on.} Qe6 ({Stronger than} 34... Rxc4 35. Ne5 Qe6 36. Qg5 $11 (36. Nxc4 f6 $11) (36. Rxf7 $2 Rxb2 37. Qd3+ Kg8 38. Qd8+ Kh7 39. Qd3+ Kh6 40. Rxb2 Rc1+ 41. Kf2 Bh3 $19)) 35. Nf4 {[#]} Rxf4 $1 36. exf4 Qe3+ (36... Qxc4 37. Qh4 (37. Bxg7 Nxg7 38. Rxg4 Rh3 $11) 37... f5 38. Rxg4 fxg4 39. Qxh5+ Kg8 40. Qe8+ Kh7 41. Qh5+ Kg8 42. Qe8+ Kh7 43. Qh5+ $11) 37. Kh2 {intending Bxg7.} Qh3+ ({Weaker is} 37... Be2 {[#]} 38. Bxg7 $1 {[%mdl 512]} Nxg7 39. Qg5 $1 $11 {[%mdl 512]}) 38. Kg1 Bf3 39. Rxf3 Rxf3 40. Qg5 Re3 0-1

[Event "Memorial Jorge Szmetan 2017"]
[Site "Buenos Aires"]
[Date "2017.04.20"]
[Round "4"]
[White "Flores, Diego"]
[Black "Bachmann, Axel"]
[Result "1-0"]
[WhiteElo "2568"]
[BlackElo "2646"]
[Annotator "TA"]
[PlyCount "37"]
[EventDate "2017.04.17"]
[EventType "tourn"]
[EventCountry "ARG"]
[SourceTitle "playchess.com"]
[Source "ChessBase"]
[SourceQuality "1"]

{[%evp 28,37,-13,-57,119,111,139,119,260,58,496,482]} 1. c4 Nf6 2. g3 e6 3. Bg2 Be7 4. Nf3 d5 5. O-O O-O 6. d4 c6 7. Qc2 Nbd7 8. Bf4 Nh5 9. Bd2 Nhf6 10. Nc3 b6 {E11: Bogo-Indian} 11. Rfd1 Ba6 12. Ne5 Nxe5 13. dxe5 Nd7 14. cxd5 cxd5 15. Bf4 {LiveBook: 4 Games} Qc7 $146 {[#]} (15... g5 $15 {keeps the upper hand.} 16. Bc1 (16. Be3 Nxe5 17. Bd4 Ng6 $15) 16... Nxe5) (15... g5 16. Nxd5 exd5 17. Bxd5 Qc8 {0-1 (49) Swinkels,R (2494)-Lauber,A (2464) Germany 2011}) 16. Rac1 $1 $16 Kh8 17. Qd2 Nc5 (17... Qd8 $16 {was necessary.}) 18. Qd4 $2 ({White has to play} 18. b4 $18) 18... g5 $2 {[%mdl 8192] [#]} (18... Qd7 $1 $14) 19. Nxd5 $1 {[%mdl 512]} 1-0

[Event "Memorial Jorge Szmetan 2017"]
[Site "Buenos Aires"]
[Date "2017.04.20"]
[Round "4"]
[White "Slipak, Sergio"]
[Black "Pichot, Alan"]
[Result "0-1"]
[WhiteElo "2465"]
[BlackElo "2556"]
[Annotator "TA"]
[PlyCount "68"]
[EventDate "2017.04.17"]
[EventType "tourn"]
[EventCountry "ARG"]
[SourceTitle "playchess.com"]
[Source "ChessBase"]
[SourceQuality "1"]

{[%evp 19,68,0,0,0,6,0,0,-62,0,0,0,-33,-30,-24,-33,-31,-30,-30,-18,-34,-23,-58,0,0,0,0,0,0,0,0,-7,-8,-8,-299,-293,-265,-278,-672,-707,-588,-572,-843,-839,-1144,-1146,-1124,-1116,-1036,-1036,-1025,-1014]} 1. g3 d5 2. Nf3 Nf6 3. Bg2 e6 4. O-O Be7 5. b3 O-O 6. c4 d4 7. e3 c5 8. exd4 cxd4 9. Re1 Nc6 10. d3 Nd7 11. Na3 {A14: English Opening: 1...e6 with b3 by White} e5 12. Nc2 a5 13. Ba3 $146 (13. Rb1 $11) (13. Rb1 Rb8 14. a3 b5 15. Nh4 Na7 16. Nf5 Bf6 17. Nd6 Nc5 18. Nxc8 Qxc8 {½-½ (44) Sanal,V (2531)-Nabaty,T (2649) Budapest 2017}) 13... Re8 (13... Bxa3 $15 14. Nxa3 f6) 14. Bxe7 Rxe7 15. Ng5 h6 16. Ne4 $1 f5 17. Nd6 Nc5 $1 18. Bd5+ Kh7 19. Nxc8 Rxc8 20. f3 b5 (20... Re8 $15) 21. Bxc6 $11 bxc4 22. Bb5 Nxd3 23. Bxc4 Nxe1 24. Qxe1 d3 25. Ne3 Qd4 26. Rd1 $2 {[%mdl 8192] [#]} (26. Kg2 $1 $11 e4 27. f4) 26... Rxc4 $1 $19 {[%mdl 512]} (26... e4 27. Qf2 Rc5 28. fxe4 fxe4 29. Kg2 $11) 27. bxc4 {Hoping for Qf2.} f4 28. Kf2 $2 (28. Qd2 Rd7 29. Kf2) 28... Rb7 {Black is clearly winning.} (28... fxe3+ 29. Qxe3 Qxc4 30. Qxd3+ Qxd3 31. Rxd3 $11) 29. Rd2 g5 ({And not} 29... fxe3+ 30. Qxe3 Qxc4 31. Qxe5 $11 (31. Qxd3+ Qxd3 32. Rxd3 Rb2+ 33. Ke3 Rxa2 $15)) (29... Rb1 30. Qxb1 fxe3+ 31. Ke1 exd2+ 32. Kxd2 Qf2+ 33. Kc3 $11 (33. Kxd3 Qxf3+ 34. Kd2+ e4 $11)) 30. gxf4 exf4 31. Qe2 Rb2 ({Inferior is} 31... dxe2 32. Rxd4 fxe3+ 33. Kxe2 $11) ({Less strong is} 31... fxe3+ 32. Qxe3 Qxc4 33. Qe4+ Qxe4 34. fxe4 $15) 32. Rxd3 Rxe2+ 33. Kxe2 Qb2+ 34. Rd2 Qe5 0-1

[Event "Memorial Jorge Szmetan 2017"]
[Site "Buenos Aires"]
[Date "2017.04.20"]
[Round "4"]
[White "Garcia Palermo, Carlos"]
[Black "Morovic Fernandez, Ivan"]
[Result "1-0"]
[WhiteElo "2450"]
[BlackElo "2527"]
[Annotator "TA"]
[PlyCount "65"]
[EventDate "2017.04.17"]
[EventType "tourn"]
[EventCountry "ARG"]
[SourceTitle "playchess.com"]
[Source "ChessBase"]
[SourceQuality "1"]

{[%evp 13,65,1,0,0,0,0,0,0,11,8,18,0,0,-5,-1,-10,-10,-19,-12,-11,-20,-41,-40,-61,-58,-75,-73,-75,-81,-64,-50,-28,-42,-122,-127,-122,-131,-110,-29,-32,-31,-47,-38,-179,-158,-176,-75,-80,0,0,58,66,29998,29999]} 1. d4 Nf6 2. c4 e6 3. Nf3 b6 4. a3 Bb7 5. Nc3 d5 6. Bg5 Be7 7. Qa4+ c6 8. cxd5 {E12: Queen's Indian: Unusual White 4th moves, 4 a3, 4 Nc3 Bb7 5 a3 and 4 Nc3 Bb7} Nxd5 (8... exd5 9. g3 O-O 10. Bg2 Nbd7 11. O-O Ne4 12. Bf4 g5 13. Be3 f5 14. Qc2 Bf6 15. b4 Qe7 {1-0 (48) Mamedyarov,S (2768)-Korobov,A (2692) Doha 2016}) 9. Bxe7 Qxe7 10. Rc1 {The position is equal.} Nd7 {[%cal Bb8d7,Bd7f6,Bf6e4][%mdl 32]} 11. g3 $146 (11. e3 N5f6 12. Ba6 Bxa6 13. Qxa6 O-O 14. O-O c5 15. h3 cxd4 16. Nxd4 {1-0 (28) L'Ami,E (2603)-Werle,J (2607) Wijk aan Zee 2009}) 11... O-O 12. Nxd5 exd5 (12... cxd5 $6 13. Rc7 Bc8 14. Ne5 $16) 13. Bh3 Nf6 14. e3 c5 15. O-O c4 16. b3 a6 17. Ne5 b5 18. Qa5 Ne4 (18... cxb3 $6 19. Rb1 $14) 19. a4 {[%cal Rb3c4]} f6 $36 {[%mdl 2048] White is under strong pressure.} 20. Nf3 Qd8 (20... cxb3 $6 21. axb5 axb5 22. Qxb5 $11) 21. Qb4 Qd6 22. Qxd6 Nxd6 23. bxc4 (23. Nd2 $15) 23... dxc4 $17 24. Be6+ Kh8 25. d5 Bc8 ({Not} 25... bxa4 26. Rc2 $14) (25... b4 $17 26. e4 Bc8) 26. axb5 axb5 27. Rb1 ({Of course not} 27. Nd4 b4 28. Rb1 b3 $17) 27... Ra4 28. Rfd1 {[#]} ({White should try} 28. Ra1 $1 $15) 28... b4 $1 $19 29. Rd4 Rd8 (29... b3 $19 {has better winning chances. And now ...Nb5 would win.} 30. Nd2 Rb4) 30. e4 $17 {[#]} Ra6 (30... Ba6 $1 $17 {...b3 is the strong threat.} 31. e5 fxe5 32. Nxe5 g6) 31. e5 $11 fxe5 (31... Nb5 $1 $11 32. Rxc4 Bxe6 33. dxe6 Na3) 32. Nxe5 $14 {Intending Ng6+! and mate.} b3 $2 {[%mdl 8192] [#]} (32... g5 $14) 33. Ng6+ $1 {[%mdl 512]} ({Weaker is} 33. Nxc4 Nxc4 34. Rxc4 Bxe6 35. dxe6 Rxe6 $16) 1-0

[Event "Memorial Jorge Szmetan 2017"]
[Site "Buenos Aires"]
[Date "2017.04.20"]
[Round "4"]
[White "Darcyl, Tomas"]
[Black "Sosa, Tomas"]
[Result "0-1"]
[WhiteElo "2405"]
[BlackElo "2459"]
[Annotator "TA"]
[PlyCount "64"]
[EventDate "2017.04.17"]
[EventType "tourn"]
[EventCountry "ARG"]
[SourceTitle "playchess.com"]
[Source "ChessBase"]
[SourceQuality "1"]

{[%evp 10,64,13,16,19,25,50,32,26,21,20,18,29,13,8,6,31,42,34,33,56,40,70,62,64,59,65,5,2,0,0,6,76,11,27,0,25,23,24,-279,-337,-650,-584,-635,-556,-1076,-1045,-1021,-908,-1012,-1013,-1453,-924,-1645,-1476,-2779,-2688]} 1. Nf3 Nf6 2. g3 b5 {[%cal Bb7b5,Bb5b4][%mdl 32]} 3. Bg2 Bb7 4. Na3 a6 5. c4 b4 6. Nc2 c5 {A05: Réti Opening: 1 Nf3 Nf6} 7. a3 $146 (7. O-O e6 8. d4 cxd4 9. Ncxd4 Be7 10. b3 O-O 11. Bb2 d6 12. Qd2 Qb6 13. a3 bxa3 14. Bxa3 Nbd7 15. Qb4 Qc7 16. Rfd1 Rab8 {1-0 (61) Efimenko,Z (2648)-Moiseenko,A (2707) Dubai 2014}) 7... bxa3 8. b3 e6 {White is slightly better.} 9. Bxa3 Be7 10. O-O O-O 11. Ne3 d6 12. b4 cxb4 13. Bxb4 a5 14. Ba3 Nbd7 15. d4 {[%cal Bd2d4,Bd4d5][%mdl 32]} Qc7 16. d5 e5 17. Nf5 Rfe8 $1 18. c5 (18. Nxe7+ $14 Rxe7 19. Nd2) 18... Nxc5 $11 {[#]} 19. Nxe5 $1 {[%mdl 512]} Bf8 $1 ({Don't play} 19... dxe5 $6 20. d6 Bxd6 21. Qxd6 Qxd6 22. Nxd6 Bxg2 23. Kxg2 $16) 20. Nc4 Rac8 (20... g6 $11 {remains equal.} 21. Nfe3 Nfd7) 21. Rc1 ({Better is} 21. Bb2 $16) 21... Qd8 22. Qd2 Nfe4 {[%cal Bf6e4,Be4c3,Bc3e2,Be2d4][%mdl 32]} 23. Qf4 {[#] aiming for f3.} Bxd5 {And now ...Nb3 would win.} 24. f3 $2 {[%mdl 8192]} (24. Rfd1 $11 {and White is okay.} Bxc4 25. Rxc4) 24... Nb3 $19 25. Rcd1 $2 (25. Rce1 Nc3 26. Nce3) 25... Nc3 {Black is clearly winning.} ({Less strong is} 25... Rxc4 26. fxe4 Be6 27. Qe3 (27. Bxd6 Nd4 28. Nxd4 Qxd6 29. Qxd6 Bxd6 $15) 27... Bxf5 28. Rxf5 $15) 26. Qg4 {Threatens to win with Rxd5!} Rxc4 27. f4 Nxe2+ 28. Kh1 Bxg2+ 29. Kxg2 g6 30. Bxd6 Qc8 31. Rd5 Qc6 32. Rfd1 Ned4 0-1

[Event "Memorial Jorge Szmetan 2017"]
[Site "Buenos Aires"]
[Date "2017.04.20"]
[Round "4"]
[White "Van Riemsdijk, Herman C"]
[Black "Hoffman, Alejandro"]
[Result "1/2-1/2"]
[WhiteElo "2318"]
[BlackElo "2488"]
[Annotator "TA"]
[PlyCount "112"]
[EventDate "2017.04.17"]
[EventType "tourn"]
[EventCountry "ARG"]
[SourceTitle "playchess.com"]
[Source "ChessBase"]
[SourceQuality "1"]

{[%evp 20,112,22,0,0,-15,0,-4,10,0,-5,-12,0,10,47,38,117,14,13,16,51,49,135,92,138,154,177,185,187,162,318,315,297,302,317,316,308,308,321,315,271,182,232,233,270,281,307,297,336,145,161,130,155,152,210,220,254,129,182,129,129,129,129,129,129,129,129,62,43,0,129,115,227,217,172,164,157,154,450,450,515,486,394,421,499,87,1144,204,437,171,154,0,385,0,163]} 1. e4 e5 2. Nf3 d6 3. d4 exd4 4. Qxd4 Nc6 5. Bb5 Bd7 6. Bxc6 Bxc6 7. Nc3 Nf6 8. Bg5 Be7 9. O-O-O O-O 10. Rhe1 Re8 11. h3 a6 {C62: Ruy Lopez: Steinitz Defence} (11... a5 12. Qc4 Nd7 13. Bf4 Nb6 14. Qd3 Bf6 15. Nd4 Bg5 16. Qg3 Bxf4+ 17. Qxf4 Bd7 18. Re3 Re5 19. Nf3 {½-½ (42) Chereches,M (2331)-Glatt,G (2282) Hungary 2010}) 12. Kb1 h6 $146 (12... b5 13. Qd2 Qc8 14. Nd4 Bd7 15. g4 b4 16. Nd5 Nxd5 17. exd5 Bxg5 18. Qxg5 Qd8 19. Qf4 {1-0 (53) Chatzieleftheriou,A (1810)-Iliopoulos,D (1334) Achaea 2016}) 13. Bc1 Nd7 14. Nd5 Bf6 15. Qc4 (15. Qb4 $5 {looks sharper.} a5 16. Qc4 Nb6 17. Qd3 Na4 18. Qc4) 15... Bxd5 16. Qxd5 Qc8 17. g4 Re6 (17... a5 $14) 18. Nd4 (18. h4 $16) 18... Re5 $11 19. Qc4 b5 20. Qf1 Qb7 (20... d5 $14) 21. f3 Rae8 22. Bf4 R5e7 23. Nf5 Re6 24. h4 Nc5 $2 (24... b4 25. g5 Bc3) 25. g5 $18 {[%cal Bg4g5,Bg5h6][%mdl 32]} Be5 (25... hxg5 26. hxg5 (26. Bxg5 Be5 $14) 26... Bxb2 27. Kxb2 $18) 26. Bxe5 (26. gxh6 Bxf4 27. Nxg7 (27. hxg7 Be5 $11) 27... Qc8 $11) 26... Rxe5 27. gxh6 g6 {[#]} 28. h5 $1 {[%mdl 512]} Kh7 (28... gxf5 $2 29. Qg2+ Kf8 30. exf5 $18) (28... gxh5 29. Qg2+) 29. hxg6+ fxg6 30. Ne3 Rf8 31. Qg2 Ne6 32. Ng4 $1 {[%cal Rg4e5]} Nf4 33. Qd2 Re7 34. Qd4 (34. e5 $18 {has better winning chances.} dxe5 35. Nxe5) 34... Nh5 $16 35. Rd3 Rf4 36. a3 Ref7 (36... Qc8 $16 37. Qc3 Qe6) 37. Qc3 $18 Nf6 38. e5 ({White has to play} 38. Nf2 $1 $18 {[%cal Rf2h3] And now Nh3 would win.} Rh4 39. f4) 38... Nxg4 $16 39. e6 ({White should play} 39. fxg4 $18 b4 40. axb4) 39... Re7 40. fxg4 Qg2 41. Rg3 Qd5 42. g5 Rf5 43. Rge3 (43. b4 $16) 43... Qg2 $14 44. Rg3 ({White should try} 44. R3e2 $14 Qxg5 45. Qa5) 44... Qd5 $16 45. b3 Re5 (45... Qa8 $16 {might work better.} 46. Qd4 Qd5 47. Qxd5 Rxd5) 46. Rxe5 $1 $18 dxe5 {[%mdl 4096] Endgame KQR-KQR} 47. Rf3 {Strongly threatening Rf6.} Qxe6 48. Rf6 $40 {[%mdl 128] White is out for blood.} Qg4 $2 (48... Qd7 $16 {is a better defense.} 49. Rxa6 Qf5) 49. Qc5 ({Less strong is} 49. Rxa6 Qg1+ 50. Ka2 Qxg5 $16) 49... Qd1+ 50. Ka2 Qd8 51. Rxa6 e4 {[#] Now ...e3 and Black clings on.} 52. Qe3 $2 ({Weaker is} 52. Qxb5 e3 53. Qc4 Qe8 $16) (52. Ra8 $1 $18 {[%mdl 512]} Qd6 (52... Qxa8 53. Qxe7+) 53. Qxb5) 52... Re5 $2 {[%mdl 8192]} (52... Qd5 $16) 53. Rf6 $2 (53. Qc3 Qe7 54. Rc6 Rxg5 55. Rxc7 Qxc7 56. Qxc7+ Kxh6 57. Qf4) 53... Qd5 $2 (53... Re7 54. Qc3 Qg8) 54. Qf4 $2 (54. Qc3 c5 55. Rc6 $1 {[%mdl 512]}) 54... Re7 {[#]} 55. Qe3 $2 (55. Rf8 $1 $16 {Qf6 would kill now.} Qe5 56. Qd2) 55... Re5 {[#]} 56. Qf4 (56. Qc3 $142 $1 {[%cal Rc3c7]} c5 57. Rc6) 56... Re7 1/2-1/2